00317nam a22001097a 4500008004100000020002200041082001100063100002300074245006800097260002400165300001800189230404b |||||||| |||| 00| 0 eng d a978-0143-3304-2-4 a954.03 aSubhadra Sen Gupta aA Flag, A Song And A Pinch Of Salt:b Freedom Fighters Of India bPuffin Books,c2007 a196 p.c20 cm